Los orígenes de una tragedia : (Record n. 35917)

Dettagli MARC
000 -LEADER
fixed length control field 01356nam a2200313 i 4500
003 - CONTROL NUMBER IDENTIFIER
control field IT-RoINE
005 - DATE AND TIME OF LATEST TRANSACTION
control field 20210312091535.0
008 - FIXED-LENGTH DATA ELEMENTS--GENERAL INFORMATION
fixed length control field 120803s2012 sp a |r||||o001 |dspa d
020 ## - INTERNATIONAL STANDARD BOOK NUMBER
International Standard Book Number 9788425915383
040 ## - CATALOGING SOURCE
Original cataloging agency SpMaBN
Language of cataloging spa
Transcribing agency SpMaBN IT-RoINE
Description conventions rdc
Modifying agency IT-RoINE
041 1# - LANGUAGE CODE
Language code of text/sound track or separate title spa
Language code of original and/or intermediate translations of text fre
100 1# - MAIN ENTRY--PERSONAL NAME
Personal name Mendizábal Villalba, Alfredo,
Dates associated with a name 1897-1981
9 (RLIN) 70448
240 10 - UNIFORM TITLE
Uniform title Aux origines d'une tragedie.
Language of a work Español
245 14 - TITLE STATEMENT
Title Los orígenes de una tragedia :
Remainder of title la política española desde 1923 hasta 1936
Statement of responsibility, etc Alfredo Mendizábal Villalba ; edición, introducción y traducción de Xavier Iturralde.
260 ## - PUBLICATION, DISTRIBUTION, ETC. (IMPRINT)
Place of publication, distribution, etc Madrid :
Name of publisher, distributor, etc Centro de Estudios Políticos y Constitucionales,
Date of publication, distribution, etc 2012.
300 ## - PHYSICAL DESCRIPTION
Extent CXXXVI, 213 p. :
Other physical details 1 retr. ;
Dimensions 23 cm.
336 ## - CONTENT TYPE
Content type term Texto (visual)
Source isbdcontent
337 ## - MEDIA TYPE
Source rdamedia
Media type term unmediated
338 ## - CARRIER TYPE
Source rdacarrier
Carrier type term volume
490 1# - SERIES STATEMENT
Series statement Clásicos del pensamiento político y constitucional español
500 ## - GENERAL NOTE
General note Incluye índices.
500 ## - GENERAL NOTE
General note Traducción de: Aux origines d'une tragedie.
504 ## - BIBLIOGRAPHY, ETC. NOTE
Bibliography, etc Bibliografía: p. CXXVIII-CXXXVI.
651 #4 - SUBJECT ADDED ENTRY--GEOGRAPHIC NAME
Geographic name España
General subdivision Historia
Chronological subdivision 1923-1930 (Dictadura de Primo de Rivera)
Source of heading or term embne
9 (RLIN) 8279
651 #4 - SUBJECT ADDED ENTRY--GEOGRAPHIC NAME
Geographic name España
General subdivision Historia
Chronological subdivision 1931-1939 (II República)
9 (RLIN) 6313
700 1# - ADDED ENTRY--PERSONAL NAME
Personal name Iturralde, Xavier
9 (RLIN) 70449
830 #0 - SERIES ADDED ENTRY--UNIFORM TITLE
9 (RLIN) 12552
Uniform title Clásicos del pensamiento político y constitucional español
942 ## - ADDED ENTRY ELEMENTS (KOHA)
Item type Monografías
Dati di copia
Withdrawn status Lost status Damaged status Not for loan Home library Current library Date acquired Total Checkouts Full call number Barcode Date last seen Price effective from Koha item type
        Iglesia Nacional Española en Roma Iglesia Nacional Española en Roma 12/03/2021   HIS.ESP.4. 1377 63712 12/03/2021 12/03/2021 Monografías